Κατάλογος Βιβλιοθηκών Mediterranean College

Management Information Systems / Prentice-Hall International Editions (Record no. 1013)

MARC details
000 -LEADER
fixed length control field 02311cam a22002054a 4500
005 - ΗΜΕΡΟΜΗΝΙΑ ΚΑΙ ΩΡΑ ΤΕΛΕΥΤΑΙΑΣ ΕΝΗΜΕΡΩΣΗΣ
Πεδίο ελέγχου 20250605163955.0
008 - FIXED-LENGTH DATA ELEMENTS--GENERAL INFORMATION
Πεδίο ελέγχου σταθερού μήκους 250528s ||||||||||||||||||||||||d
035 ## - SYSTEM CONTROL NUMBER
System control number 15433
020 ## - ISBN
ISBN 135515998
040 ## - ΠΗΓΗ ΚΑΤΑΛΟΓΟΓΡΑΦΗΣΗΣ
Φορέας πρωτότυπης καταλογογράφησης MC Athens Campus Library
Γλώσσα καταλογογράφησης Ελληνικά, Μοντέρνα (1453-)
Modifying agency MC Athens Campus Library
Κανόνες περιγραφικής καταλογογράφησης AACR2
245 1# - ΤΙΤΛΟΣ ΚΑΙ ΔΗΛΩΣΗ ΥΠΕΥΘΥΝΟΤΗΤΑΣ
Τίτλος Management Information Systems / Prentice-Hall International Editions
260 ## - PUBLICATION, DISTRIBUTION, ETC.
Name of publisher, distributor, etc. Prentice Hall,
Date of publication, distribution, etc. 1989
300 ## - PHYSICAL DESCRIPTION
Extent 568
505 0# - FORMATTED CONTENTS NOTE
Formatted contents note Information: Management's Strategic Advantage, Information Processing in Perspective, The MIS and Decision Support Systems, Artificial Intelligence and Expert Systems, Information Systems as a Competitive Strategy, The End User Computing Environment, Providers of Computer and Information Services, End User Computing, Personal Computing, MIS Concepts, Connectivity and Data Communications, Data Management, Systems Planning and Development and Implementation, MIS Planning, Systems Development and Management, Systems Analysis and Programming, Prototyping and Application Development Tools, System Implementation, An MIS Case Study, Managing the Information and Computing Resources, Managing Information Services, Evaluation Selection and Acquisition of Hardware and Software, A Short Course in Computer Concepts, Hands-on Exercises: Electronic Spreadsheet and Graphics and Database, Glossary, Index.
520 ## - SUMMARY, ETC.
Summary, etc. Information: Management's Strategic Advantage, Information Processing in Perspective, The MIS and Decision Support Systems, Artificial Intelligence and Expert Systems, Information Systems as a Competitive Strategy, The End User Computing Environment, Providers of Computer and Information Services, End User Computing, Personal Computing, MIS Concepts, Connectivity and Data Communications, Data Management, Systems Planning and Development and Implementation, MIS Planning, Systems Development and Management, Systems Analysis and Programming, Prototyping and Application Development Tools, System Implementation, An MIS Case Study, Managing the Information and Computing Resources, Managing Information Services, Evaluation Selection and Acquisition of Hardware and Software, A Short Course in Computer Concepts, Hands-on Exercises: Electronic Spreadsheet and Graphics and Database, Glossary, Index.
700 1# - ΠΡΟΣΘΕΤΗ ΑΝΑΓΡΑΦΗ--ΦΥΣΙΚΟ ΠΡΟΣΩΠΟ
Personal name Long Larry
9 (RLIN) 1356
942 ## - ADDED ENTRY ELEMENTS (KOHA)
Koha item type Books
Holdings
Τύπος τεκμηρίου Βιβλιοθήκη Τρέχουσα τοποθεσία Barcode Αριθμός εισαγωγής Ημερομηνία απόκτησης Ταξιθετικό σύμβολο Αριθμός αντιτύπου Κατάσταση απόσυρσης Κατάσταση χαμένου Κατάσταση κατεστραμμένου Μη δανεισμός Σύνολο δανεισμών Ημερομηνία τελευταίας εμφάνισης Η τιμή ισχύει από
Books MC Athens Campus Library MC Athens Campus Library 9780000010124 1774 05/06/2025 658.4/038 LON 1           05/06/2025 05/06/2025

MC Athens Campus Library
Πατησίων 94 & Κοδριγκτώνος 13, 104 34
Πελλήνης 8 & Πατησίων 107, 112 51
Τ: +30 210 8899600

MC Thessaloniki Campus Library
Ίωνος Δραγούμη 21, 54625 | Ίωνος Δραγούμη 15, 54625
Τ: +30 2310 287779 – Τ: +30 2314 440300